00284nam a2200097Ia 4500008004100000082001500041100002700056245004600083260004900129300000800178210430s9999 xx 000 0 und d a355 S5681M aDr. Amir Hasan Siddiqi aMuslim Generals /cDr. Amir Hasan Siddiqi aKarachibJamiyat-ul-Falah publicationsc1967 a105